Songs by Pictures - Harry Styles - Statistics

General Stats
  • This quiz has been taken 29 times
  • The average score is 11 of 12
Answer Stats
Picture Answer % Correct
As It Was
100%
Watermelon Sugar
100%
Falling
97%
Golden
97%
Kiwi
97%
Lights Up
93%
Sign Of The Times
93%
Adore You
90%
Music for a Sushi Restaurant
86%
Satellite
86%
Treat People With Kindness
86%
Late Night Talking
52%
No matching quizzes found
Score Distribution
Percent of People with Each Score
Percentile by Number Answered
Your Score History
You have not taken this quiz